000 00304nam a22001337a 4500
008 170925b xxu||||| |||| 00| 0 eng d
020 _a0898592194
041 _aeng
080 _a37
100 _a46
101 _aEDU
245 _aLEARNING TO READ IN AMERICAN SCHOOLS
_cANDERSON,R,C
942 _2udc
_cBK
999 _c29733
_d29733